00000000nam 2200000za 4500
0019.676244
003CaOODSP
00520250502140442
007cr |||||||||||
008150407|2008||||xxc|||||o    f|0| 0 tgl d
040 |aCaOODSP|bfre
043 |an-cn---
0861 |aNH17-57/2008Tgl-PDF|zNH17-57/2008Tl-PDF
1102 |aSociété canadienne d'hypothèques et de logement.
24513|aLa peinture - murs, plafonds et planchers |h[ressource électronique]
250 |a[Édition tagalog].
260 |aOttawa - Ontario : |bSociété canadienne d'hypothèques et de logement |cc2008.
300 |a7p.|bill. en couleur
546 |aTexte en tagalog.
590 |a13-03-Supp|b2013-02-11
77508|tLa peinture - murs, plafonds et planchers |w(CaOODSP)9.641356
77508|tPainting - walls, ceilings and floors |w(CaOODSP)9.697296
791 |tPainting - walls, ceilings and floors |eeng|w(CaOODSP)9.676243
85640|ahttp://publications.gc.ca|qPDF|s241 Ko|uhttps://publications.gc.ca/collections/collection_2013/schl-cmhc/NH17-57-2008-tgl.pdf